=LDR 00000nam 2200000 4500 =001 INLIS000000000049286 =005 20170207135448.0 =006 =007 =008 =020 ##$$a 892-602-7686-07-6 =035 ##$$0010-021700000000078 =040 ##$$a NBPDMAT =082 ##$$a 553 .7 =090 ##$$a 553 .7 Asp a =100 ##$$a Aspar =245 ##$$a Air buat kehidupan ( I ) / $c Aspar , S.pd ; Editor Ahmad Sirulhaq , MA =260 ##$$a Pringgabaya : $b KSU Primaguna, $c 2012 =300 ##$$a XII, 89 hlm . ; $c 22 cm =500 ##$$a Bibliografi : hlm .86 -89 =650 ##$$a AIR =700 ##$$a Ahmad Sirulhaq =990 ##$$a 161/46/2017 =990 ##$$a 21604040 =990 ##$$a 21604041 =990 ##$$a 21604042 =990 ##$$a 21604043 =990 ##$$a 161/46/2017 =990 ##$$a 21604040 =990 ##$$a 21604041 =990 ##$$a 21604042 =990 ##$$a 161/46/2017 =990 ##$$a 161/46/2017 =990 ##$$a 21604040 =990 ##$$a 21604041 =990 ##$$a 161/46/2017 =990 ##$$a 161/46/2017 =990 ##$$a 161/46/2017 =990 ##$$a 21604040 =990 ##$$a 161/46/2017 =990 ##$$a 161/46/2017 =990 ##$$a 161/46/2017